000 00286nam a22001097a 4500
008 170118b xxu||||| |||| 00| 0 eng d
020 _a9780323065856
041 _aeng
080 _23RD
_a618.2
245 _aCOMPREHENSIVE REVIEW FOR THE NCLEX-RN EXAMINATION
_cANDERSON, M
942 _2udc
_cBK
999 _c3087
_d3087